Revista Universitaria : (Record no. 21728)

000 -CABECERA
fixed length control field 02259nam a22003497a 4500
003 - IDENTIFICADOR DEL NÚMERO DE CONTROL
control field AR-CdUCM
008 - DATOS DE LONGITUD FIJA--INFORMACIÓN GENERAL
fixed length control field 190425b ||||| |||| 00| 0 spa d
040 ## - FUENTE DE LA CATALOGACIÓN
Agencia/entidad que catalogó originalmente la obra MUNICIPALIDAD PROVINCIAL DEL CUSCO
Entidad que transcribió la catalogación BIBLIOTECA MUNICIPAL DEL CUSCO
082 ## - NÚMERO DE LA CLASIFICACIÓN DECIMAL DEWEY
No. de Clasificación Rev.Univ/N°72/1937
Notacion interna Rev.Univ/N°72/1937
110 ## - ENTRADA PRINCIPAL--NOMBRE DE ENTIDAD CORPORATIVA
Nombre de la institución, jurisdicción como entrada principal Universidad Nacional de San Antonio Abad del Cusco
9 (RLIN) 15942
245 ## - MENCIÓN DE TÍTULO
Título Revista Universitaria :
Resto del título Órgano de la Universidad del Cuzco /
260 ## - PUBLICACIÓN, DISTRIBUCIÓN, ETC.
Lugar de publicación, distribución, etc. Cusco :
Nombre de la editorial, distribuidor, etc. H. G. Rozas,
Fecha de publicación, distribución, etc. 1937.
300 ## - DESCRIPCIÓN FÍSICA
Nº de Páginas Extensión 168 páginas. :
Dimensiones 20 cm.
440 ## - MENCIÓN DE SERIE/PUNTO DE ACCESO ADICIONAL--TÍTULO
Título Revista Universitaria
Número de la parte/sección de una obra Año XXVI, 1° semestre 1937, N°72
9 (RLIN) 45888
505 ## - NOTA DE CONTENIDO CON FORMATO
Nota de contenido formateada Contenido: El contenido espiritual del movimiento indigenista. Atilio Sivirichi. -- Las novelas de la guerra. Eulogio Tapia Olarte. -- Baladas peruanas. Encino del Val. -- Juan Espinoza Medrano. Alfredo Yépez Miranda. -- El Congreso Panperuano de 1837 en Tacna. Julián Santiesteban Ochoa. -- América anhela, Roosevelt propone y Dios proveerá. A. Solórzano. -- Hacia la historia del cuzco. José Gabriel Cosio. -- Nueva Corónica y Buen Gobierno. Felipe Guamán Poma de Ayala. Jorge Cornejo Bouroncle. -- Defectos procesales. David Chaparro. -- Reincidencia. Francisco Ponce de León. -- Concordancias entre el Código Civil y Código Penal. Francisco Ponce de León. -- Ampliando el herbarium de la Universidad del Cuzco. César Vargas C. -- Contribución al estudio de la flora peruana. V. Soukup. -- Campo de cultivo en andenería de los antiguos. Federico Ponce de León. -- De la vida universitaria. -- Nota necrológica Eufracio Álvarez. -- Notas de redacción.
650 ## - PUNTO DE ACCESO ADICIONAL DE MATERIA--TÉRMINO DE MATERIA
Descriptor Historia del Cusco
9 (RLIN) 1714
650 ## - PUNTO DE ACCESO ADICIONAL DE MATERIA--TÉRMINO DE MATERIA
Descriptor Confederación Perú Bolivia
9 (RLIN) 41831
650 ## - PUNTO DE ACCESO ADICIONAL DE MATERIA--TÉRMINO DE MATERIA
Descriptor Botánica cusqueña
9 (RLIN) 45807
650 ## - PUNTO DE ACCESO ADICIONAL DE MATERIA--TÉRMINO DE MATERIA
Descriptor Indigenismo
9 (RLIN) 208
650 ## - PUNTO DE ACCESO ADICIONAL DE MATERIA--TÉRMINO DE MATERIA
Descriptor Cronistas
9 (RLIN) 1200
650 ## - PUNTO DE ACCESO ADICIONAL DE MATERIA--TÉRMINO DE MATERIA
Descriptor Felipe Guamán Poma de Ayala
9 (RLIN) 45889
700 ## - PUNTO DE ACCESO ADICIONAL--NOMBRE DE PERSONA
Nombre Personal Yépez Miranda, Alfredo
9 (RLIN) 4230
700 ## - PUNTO DE ACCESO ADICIONAL--NOMBRE DE PERSONA
Nombre Personal Ponce de León, Francisco
9 (RLIN) 29819
700 ## - PUNTO DE ACCESO ADICIONAL--NOMBRE DE PERSONA
Nombre Personal Cosio, José Gabriel
9 (RLIN) 11720
700 ## - PUNTO DE ACCESO ADICIONAL--NOMBRE DE PERSONA
Nombre Personal Vargas, César
9 (RLIN) 45886
700 ## - PUNTO DE ACCESO ADICIONAL--NOMBRE DE PERSONA
Nombre Personal Sivirichi, Atilio
9 (RLIN) 7194
700 ## - PUNTO DE ACCESO ADICIONAL--NOMBRE DE PERSONA
Nombre Personal Tapia Olarte, Eulogio
9 (RLIN) 32463
700 ## - PUNTO DE ACCESO ADICIONAL--NOMBRE DE PERSONA
Nombre Personal Cornejo Bouroncle, Jorge
9 (RLIN) 15278
710 ## - PUNTO DE ACCESO ADICIONAL--NOMBRE DE ENTIDAD CORPORATIVA
Nombre corporativo (En letras Mayúsculas) Universidad Nacional de San Antonio Abad del Cusco
9 (RLIN) 15942
942 ## - ELEMENTOS DE PUNTO DE ACCESO ADICIONAL (KOHA)
Fuente de clasificación
Tipo de item Revistas cusqueñas
945 ## - PROCESAMIENTO DE INFORMACIÓN LOCAL (OCLC)
Catalogador rac
Holdings
Estado de retiro (separado) Fuente de clasificación o esquema de estanterías Estado dañado Ubicación Sala donde se ubica Nombre de la colección Fecha de adquisición o compra Costo, precio normal en soles Signatura topográfica Código de Barras Última vez visto (Koha) Tipo de ítem (Koha)
No     Sala Hemeroteca Sala Hemeroteca Book Cart 2021-04-26 10.00 Rev.Univ/N°72/1937 REVC000059 2021-04-26 Revistas cusqueñas
No     Sala Hemeroteca Sala Hemeroteca Book Cart 2021-04-26 10.00 Rev.Univ/N°72/1937/e.2 REVC000060 2021-04-26 Revistas cusqueñas
No     Sala Hemeroteca Sala Hemeroteca Book Cart 2021-04-26 10.00 Rev.Univ/N°72/1937/e.3 REVC000088 2021-04-26 Revistas cusqueñas

Powered by Koha